000 00623nam a2200181Ia 4500
003 GCL
008 140319s9999 xx 000 0 ara d
040 _aGCL /
_cGCL
082 0 4 _a830.2
_bم م
100 1 _aمصطفى ماهر
_vAnnotator
_@
…علق
245 1 0 _aمختارات من الادب القصص الالمانى: العصر الوسيط /
_cمصطفى ماهر
260 _a[S.N] :
_bالمجلس الاعلى للثقافة ،
_c1983
300 _a206 ص
490 _a
650 0 4 _aالقصص الالمانية المترجمة
650 0 4 _aالاخطاء والاضرار
942 _2ddc
_cBK
999 _c57442
_d57442